000 01031cam a2200301 a 4500
003 CHAP
005 20220817043650.0
008 000509d1997 mx r 10100 spa d
010 _a81040
011 _a82012
035 _a92497
040 _cCHAP
082 0 4 _a378
_bF65
111 0 0 _aForo Nacional la Educación Superior en México : Políticas y Alternativas
_d(1996 :
_cMéxico, D.F.)
_942500
245 1 0 _aMemorias :
_bponencias magistrales
_c/por Universidad Autónoma Metropolitana-Xochimilco
260 _aMéxico, D.F. :
_bUAM. Xochimilco,
_c1997
300 _a152 p.
590 _aBATCH-UPD
_b10
_c20130110
_lUCH01
_h1234
590 _aBATCH-UPD
_b10
_c20130410
_lUCH01
_h0803
590 _aBATCH-UPD
_b10
_c20130914
_lUCH01
_h1246
590 _aCONVERSION
_b10
_c20130109
_lUCH01
_h1345
650 1 4 _aEducación superior.
650 1 4 _aPolítica educativa
_zMéxico.
_990561
901 _aBK
905 _aMarco A. Mendoza T.
942 _cLIBRO
949 _a378 F65
_bBC
_cC
_d33724000774667
_eC
_h96729
_i92497
_kDonaciØn
_sex
999 _c81040
_d81040